| 000 | 00692nam a2200193 a 4500 | ||
|---|---|---|---|
| 005 | 20210223120412.0 | ||
| 008 | 991125s1959 cl 000 0 spa u | ||
| 035 | _aUPN01000000288 | ||
| 049 | _aCG | ||
| 050 | 4 |
_aLC6581 C71 _bF4.2 |
|
| 100 | 1 | _aFerrer, Martín S. | |
| 245 | 1 | 0 |
_aAcción Cultural Popular-Escuela Radiofónicas ACPO : _bestudio y evaluación de las escuelas radiofónicas rurales / _cMartín S. Ferrer. |
| 260 |
_aBogotá : _bUNESCO, _c1959. |
||
| 300 | _a103, [12] p. + 1 hoja suelta | ||
| 500 | _aA la cabeza de la cubierta: Escuelas radiofónicas de Sutatenza | ||
| 650 | 4 |
_aESCUELAS RURALES - _zCOLOMBIA _911020 |
|
| 650 | 4 | _aRADIO EN LA EDUCACION PRIMARIA | |
| 905 | _aLibro | ||
| 999 |
_c288 _d288 |
||